Multimodal film analysis: how films mean

Guardat en:
Dades bibliogràfiques
Autors principals: Bateman, John A (Autor), Schmidt, Karl-Heinrich (Autor)
Format: Llibre
Idioma:anglès
Publicat: Nueva York Routledge 2012
Edició:1a. ed
Col·lecció:Routledge Studies in Multimodality; 5
Matèries:
Etiquetes: Afegir etiqueta
Sense etiquetes, Sigues el primer a etiquetar aquest registre!

MARC

LEADER 00000cam a2200000 a 4500
001 UCC2128
003 CL-VaPUC
008 180108e20120000us |||||||||||||||||eng|d
020 |a 9780415754439 
082 0 4 |a 401.41  |b BAT  |2 21 
100 0 |a Bateman, John A  |e author  |9 596284 
700 0 |a Schmidt, Karl-Heinrich  |e author  |9 596285 
245 1 0 |a Multimodal film analysis: how films mean 
250 |a 1a. ed 
300 |a 329 p 
942 |c BK 
945 |d 20180108 14:42:00  |a dcastane 
260 |a Nueva York  |b Routledge  |c 2012 
650 0 |a Análisis del discurso  |9 256696 
650 0 |a Semiótica  |9 265317 
583 |a last modification  |c 20180108 14:42:00  |k Rodrigo Vera 
490 0 |a Routledge Studies in Multimodality; 5 
999 |c 370406  |d 370404 
952 |0 0  |1 0  |3 erb  |4 0  |6 401_410000000000000_BAT_2012  |7 0  |8 A  |9 486857  |a FDOPOS  |b FDOPOS  |i 5445701  |o 401.41 BAT 2012  |p 5445701  |r 2025-01-22  |w 2019-11-24  |y BK  |z Catalogado en:20180108  |k DLA